书目信息 |
| 题名: |
人类的心愿
|
|
| 作者: | 戴淑凤 著 | |
| 分册: | ||
| 出版信息: | 石家庄 河北人民出版社 1983 |
|
| 页数: | 150页 | |
| 开本: | 19cm | |
| 丛书名: | ||
| 单 册: | ||
| 中图分类: | R169.1 | |
| 科图分类: | ||
| 主题词: | 优生学 , 计划生育 , 计划生育--卫生 | |
| 电子资源: | ||
| ISBN: | ||
| 000 | 00633nam0 2200253 45 | |
| 001 | 0183006548 | |
| 005 | 20061121143001.62 | |
| 010 | @dCNY0.44 | |
| 091 | @aCN@b13088.101 | |
| 100 | @a19950627d1983 em y0chiy0121 ea | |
| 101 | 0 | @achi |
| 102 | @aCN@b130000 | |
| 105 | @ay z 000yy | |
| 200 | 10 | @a人类的心愿@Aren lei de xin yuan@f戴淑凤著 |
| 210 | @a石家庄@c河北人民出版社@d1983 | |
| 215 | @a150页@d19cm | |
| 606 | @a优生学 | |
| 606 | 0 | @a计划生育 |
| 606 | 0 | @a计划生育@x卫生 |
| 690 | @aR169.1@v3 | |
| 701 | 0 | @a戴淑凤@Adai shu feng@4著 |
| 801 | 2 | @aCN@bNLC@c20061121 |
| 801 | 0 | @aCN@bTSSF |
| 905 | @a10447@dR169.1@e39 | |
| 人类的心愿/戴淑凤著.-石家庄:河北人民出版社,1983 |
| 150页;19cm |
| ISBN :CNY0.44 |
| ● |
| 相关链接 |
|
|
|
|
正题名:人类的心愿
索取号:R169.1/39
 
预约/预借
| 序号 | 登录号 | 条形码 | 馆藏地/架位号 | 状态 | 备注 |
| 1 | 0228450 | 000711929 | 第二样本阅览室/ [索取号:R169.1/39] | 在馆 |